Statistics for Opštine u Bosne i Hercegovine

Click here to take the quiz!

General Stats

  • This quiz has been taken 227 times
  • The average score is 92 of 142

Answers on the Map

Answers color-coded by a green-red scale on the quiz's map according to % correct below.
 

Answer Stats

Answer% Correct
Banja Luka
97%
Trebinje
95%
Bijeljina
94%
Brčko
92%
Mostar
92%
Tuzla
90%
Bihać
89%
Neum
89%
Doboj
87%
Foča
87%
Pale
86%
Prijedor
85%
Višegrad
85%
Zvornik
85%
Nevesinje
84%
Goražde
83%
Zenica
83%
Bileća
82%
Jajce
82%
Ilidža
81%
Srebrenica
81%
Modriča
79%
Bratunac
78%
Livno
78%
Brod
77%
Gacko
77%
Mrkonjić Grad
77%
Cazin
76%
Laktaši
76%
Travnik
75%
Derventa
74%
Han-Pijesak
74%
Teslić
74%
Drvar
73%
Gradiška
73%
Sokolac
73%
Prnjavor
72%
Sanski Most
72%
Srbac
72%
Konjic
71%
Tomislavgrad
71%
Kozarska Dubica
70%
Milići
70%
Novi Grad
70%
Rudo
70%
Šipovo
70%
Ugljevik
70%
Rogatica
69%
Velika Kladuša
69%
Visoko
69%
Kotor-Varoš
68%
Šamac
68%
Bosansko Grahovo
67%
Kostajnica
67%
Ljubinje
67%
Orašje
67%
Široki Brijeg
67%
Istočni Mostar
66%
Jezero
66%
Čajniče
65%
Donji Vakuf
65%
Glamoč
65%
Istočna Ilidža
65%
Kupres
65%
Gradačac
64%
Jablanica
64%
Ključ
64%
Vitez
64%
Vlasenica
64%
Bosanska Krupa
63%
Bosanski Petrovac
63%
Čapljina
63%
Odžak
63%
Šekovići
63%
Stari Grad
63%
Čelinac
62%
Kalesija
62%
Lopare
62%
Kneževo
61%
Maglaj
61%
Srebrenik
61%
Vogošća
61%
Bugojno
60%
Fojnica
60%
Posušje
60%
Istočno Novo Sarajevo
59%
Kakanj
59%
Zavidovići
59%
Bužim
58%
Kiseljak
58%
Novo Sarajevo
58%
Petrovac
58%
Ravno
58%
Stolac
58%
Trnovo
58%
Banovići
57%
Doboj-Istok
57%
Doboj-Jug
57%
Gračanica
57%
Hadžići
57%
Istočni Drvar
57%
Kalinovik
57%
Novi Travnik
57%
Olovo
57%
Čitluk
56%
Prozor
56%
Vukosavlje
56%
Berkovići
55%
Ilijaš
55%
Petrovo
55%
Tešanj
55%
Žepče
55%
Centar
54%
Grude
54%
Ljubuški
54%
Lukavac
54%
Osmaci
54%
Novo Goražde
53%
Oštra Luka
53%
Stanari
53%
Krupa na Uni
52%
Gornji Vakuf-Uskoplje
51%
Ribnik
51%
Usora
51%
Busovača
50%
Kladanj
50%
Živinice
50%
Istočni Stari Grad
49%
Teočak
48%
Donji Žabar
47%
Pelagićevo
47%
Breza
45%
Sapna
44%
Čelić
43%
Vareš
43%
Kreševo
41%
Pale-Prača
41%
Dobretići
40%
Domaljevac-Šamac
39%
Foča-Ustikolina
39%
Ustiprača
33%

Score Distribution

Percentile by Number Answered

Percent of People with Each Score

Your Score History

You have not taken this quiz